| 000 | 00782nam a2200289 a 4500 | ||
|---|---|---|---|
| 003 | AR-BaBNM | ||
| 005 | 20251128210013.0 | ||
| 008 | 082120s2002 ||||||||||||||000 | spa|| | ||
| 020 | _a84-329-8610-0 | ||
| 040 | _cAR-BaBNM | ||
| 100 | 1 | _aBerganza, Pilar | |
| 245 | 0 | 0 | _aComo realizar actividades prácticas y artesanales |
| 250 | _a2ª ed. | ||
| 260 |
_aBarcelona _bEdiciones Ceac _c1989 |
||
| 300 | _a180 p. | ||
| 490 | 0 | _aAula práctica | |
| 500 | _aContiene glosario, p. 179-180 | ||
| 650 | 4 | _aEDUCACION ARTISTICA | |
| 650 | 4 | _aOBJETIVOS EDUCACIONALES | |
| 650 | 4 | _aACTITUD DEL DOCENTE | |
| 650 | 4 | _aACTIVIDADES | |
| 653 | _aACTIVIDADES PRACTICAS | ||
| 653 | _aEDUCACION PLASTICA | ||
| 800 | 1 |
_aSarramona, Jaume _edirector |
|
| 942 | _cBK | ||
| 998 | _cRaquel | ||
| 999 |
_c13662 _d13662 |
||